| 000 | 00372pab a2200169 454500 | ||
|---|---|---|---|
| 008 | 180718b2007 xxu||||| |||| 00| 0 eng d | ||
| 100 | _aPadgaonkar, Dileep | ||
| 245 | _aAmbedkar and Gandhi | ||
| 260 | _c2007 | ||
| 300 | _ap.7-8. | ||
| 362 | _a21 Apr | ||
| 650 | _aGandhi, M.K. | ||
| 650 | _aAmbedkar, B.R. | ||
| 773 | _aMainstream | ||
| 908 | _aN | ||
| 909 | _a73886 | ||
| 999 |
_c73886 _d73886 |
||